000 00517nam a22001817a 4500
003 NUST - PNEC
005 20170116180824.0
008 150629b xxu||||| |||| 00| 0 eng d
020 _a0258969733
040 _cLIBRARY
082 _a515.35 JON
100 _94264
_aJones,
245 _aOrdinary differential equations for engineering and science students
_cLeslie Booth Jones
260 _aLondon
_bBradford university press
_cc1976.
300 _a220 p. :
650 _94265
_aMathematical
_xME
942 _2ddc
_cBK
999 _c63827
_d63827